[Event "3rd Kolkata GM Open 2018"]
[Site "Kolkata"]
[Date "2018.05.22"]
[Round "9"]
[White "Gomes, Mary Ann"]
[Black "Tran, Tuan Minh"]
[Result "0-1"]
[WhiteElo "2290"]
[BlackElo "2512"]
[Annotator "TA"]
[PlyCount "94"]
[EventDate "2018.??.??"]
[EventType "swiss"]
[EventCountry "IND"]
[SourceTitle "playchess.com"]
[Source "ChessBase"]
[SourceQuality "1"]

{[%evp 9,94,35,38,2,12,0,2,9,7,13,20,2,12,0,0,0,0,16,14,-18,0,-14,23,0,19,6,0,0,1,0,0,-16,-2,-8,0,-10,0,0,0,-91,-85,-176,-173,-162,-122,-152,-138,-162,-162,-224,-209,-196,-192,-241,-237,-325,-309,-374,-367,-386,-320,-303,-293,-351,-362,-349,-320,-331,-310,-308,-323,-322,-339,-367,-306,-419,-404,-366,-366,-415,-413,-413,-371,-390,-389,-739,-724]} 1. e4 c5 2. Nf3 d6 3. Bb5+ Nd7 4. O-O Ngf6 5. Re1 e6 {LiveBook: 51 Partien} 6. c4 {B51: Sizilianisch (Rossolimo-Variante)} (6. c3 a6 7. Bd3 Be7 8. Bc2 Ne5 9. d4 Nxf3+ 10. Qxf3 O-O 11. dxc5 dxc5 12. Bf4 Bd7 13. Na3 b5 14. Rad1 Qc8 {½-½ (64) Henriquez Villagra,C (2517)-Amonatov,F (2620) Doha 2016}) 6... Be7 7. Nc3 O-O 8. Bxd7 $146 {Die Stellung ist ausgeglichen.} ({Vorgänger:} 8. Qe2 Qc7 9. Ba4 a6 10. d4 cxd4 11. Nxd4 Ne5 12. Bb3 Bd7 13. h3 Rac8 {½-½ (52) Shepley,J (2042)-Stevenson,J (2073) England 2016}) 8... Bxd7 9. d4 cxd4 10. Qxd4 Qc7 11. h3 a6 12. a4 Rfd8 13. Be3 Rac8 14. Nd2 Be8 15. Qb6 Qb8 16. a5 Bc6 17. Bf4 Nd7 18. Qe3 Ne5 19. Na4 Bxa4 20. Rxa4 Qc7 21. Qb3 Qc6 {[#] Droht ...Sd3! und aus.} 22. Raa1 Rd7 23. Rec1 Rdc7 24. c5 (24. Be3 $11 {bleibt in der Remisbreite.}) 24... Qd7 $17 25. Bxe5 (25. Be3 $17) 25... dxe5 $19 26. Nf3 Bxc5 27. Rd1 Qc6 28. Qd3 f6 29. Rac1 (29. Rdc1 {kämpft weiter.}) 29... Qa4 30. Ra1 Qb4 31. Rd2 Be7 32. Qf1 Qxe4 33. Rad1 Qa4 34. Ra1 Qb4 35. Qd1 Qb5 36. Kh1 Kf7 37. Ng1 e4 38. Ne2 Qe5 39. Nc3 f5 40. Rd4 g6 41. Raa4 Qf4 42. f3 Bf6 43. Rd7+ Ke8 44. Rxc7 Rxc7 (44... Qxc7 $2 45. fxe4 Bxc3 46. bxc3 $19) 45. Ne2 Qe3 46. fxe4 Be5 47. exf5 $2 {[#]} (47. Nc3) 47... Qxe2 $1 {[%mdl 512] Precision: Weiß = 35%, Schwarz = 70%.} 0-1